00911nam a2200229 a 450000100060000000300080000600500170001400800410003103500190007204000260009104100080011708200220012510000230014724502910017026000580046130000210051965000100054065000370055065000300058765000290061765000350064667962BD-RjUL20211209081721.0170329b19691928nyu||||| |||| 00| 0 eng d a(BD-RjUL)68171 aBD-RjULbengcBD-RjUL aeng 223a978bRIS 1969 aRister, Carl Coke  aThe southwestern frontier--1865-1881 : ba history of the coming of the settlers, Indian depredations and massacres, ranching activities, operations of white desperadoes and thieves, government protection, building of railways, and the disappearance of the frontier /c Carl Coke Rister aNew York :bRussell & Russell, c1928 [reissued 1969] a336 p. ;c19 cm. aTexas aSouthwestx000000000000000000New aFrontier and pioneer life aIndians of North America aIndians of North America--Wars